| 000 | 00715cam a2200241 a 4500 | ||
|---|---|---|---|
| 001 | 1443648 | ||
| 008 | 851107s1986 nyu 000 0 eng | ||
| 010 | _a 85027584 | ||
| 020 | _a0816014043 | ||
| 040 |
_aDLC _cCUZ _dDLC _beng _erda |
||
| 050 | 0 | 0 |
_aJC571 _bHUM |
| 100 | 1 | _aHumana, Charles. | |
| 245 | 1 | 0 |
_aWorld human rights guide / _coriginated and compiled by Charles Humana. |
| 264 |
_aNew York, N.Y. : _bFacts on File, _cc1986. |
||
| 300 |
_axviii, 344 pages. ; _c25 cm. |
||
| 336 |
_atext _btxt |
||
| 337 |
_aunmediated _bn |
||
| 338 | _2rdacarrier | ||
| 500 | _aAt head of title: The Economist. | ||
| 650 | 0 | _aCivil rights | |
| 650 | 0 | _aHuman rights | |
| 942 | _cOS | ||
| 999 |
_c44665 _d44665 |
||